Fr. Conceicao Rodrigues College of Engineering

Advanced Project Management:A structured approach (Record no. 27695)

MARC details
000 -LEADER
fixed length control field 00361nam a2200169Ia 4500
082 ## - DEWEY DECIMAL CLASSIFICATION NUMBER
Classification number 658.404
Item number HAR
100 ## - MAIN ENTRY--PERSONAL NAME
Personal name Harrison/F.L
250 ## - EDITION STATEMENT
Edition statement 3
245 ## - TITLE STATEMENT
Title Advanced Project Management:A structured approach
260 ## - PUBLICATION, DISTRIBUTION, ETC.
Name of publisher, distributor, etc. Gower
Date of publication, distribution, etc. 1992
366 ## - TRADE AVAILABILITY INFORMATION
Publishers's discount category 15
300 ## - PHYSICAL DESCRIPTION
Extent 308
546 ## - LANGUAGE NOTE
Language note ENGLISH
654 ## - SUBJECT ADDED ENTRY--FACETED TOPICAL TERMS
Focus term project management
942 ## - ADDED ENTRY ELEMENTS (KOHA)
Koha item type Reference Book
Holdings
Withdrawn status Lost status Damaged status Not for loan Collection Home library Current library Date acquired Cost, normal purchase price Total Checkouts Full call number Barcode Date last seen Cost, replacement price Price effective from Koha item type
        CRC Fr. Agnel's C.Rodrigues College of Engineering Fr. Agnel's C.Rodrigues College of Engineering 17/03/2023 2782.90   658.404 HAR 15354 17/03/2023 3274.00 17/03/2023 Reference Book